[Event "Match"]
[Site "www.echecsemail.com"]
[Date "2017.06.08"]
[Round "1"]
[White "Cjood"]
[Black "Whitekknight"]
[WhiteElo "1880"]
[BlackElo "2010"]
[Result "1-0"]
[Round "1"]
1.Ng1f3 d5
2.c3 Nb8c6
3.d4 e6
4.Bc1f4 Bf8d6
5.Bf4xd6 Qd8xd6
6.g3 Ng8f6
7.Nb1d2 Nf6e4
8.Nd2xe4 dxe4
9.Nf3d2 f5
10.e3 O-O
11.Nd2c4 Qd6e7
12.a3 b5
13.Nc4e5 Nc6xe5
14.dxe5 Rf8d8
15.Qd1e2 Qe7c5
16.Qe2xb5 Rd8d5
17.Qb5e8 Qc5f8
18.Qe8c6 Ra8b8
19.Qc6xc7 Rb8xb2
20.Qc7xa7 Rd5d2
21.Qa7a5 h6
22.Ra1d1 Rd2xd1
23.Kxd1 Rb2xf2
24.Bf1c4 Rf2b2
25.Kc1 Rb2b8
26.Rh1d1 Kh7
27.Rd1d8 Qf8f7
28.Qa5c5 Qf7b7
29.Qc5b4 Qb7xb4
30.axb4 Rb8a8
31.Kb2 Kg6
32.Bc4xe6 Bc8b7
33.Rd8xa8 Bb7xa8
34.c4 { resign }
1-0

[Event "Match"]
[Site "www.echecsemail.com"]
[Date "2017.06.08"]
[Round "1"]
[White "Micheles"]
[Black "Motorhead99"]
[WhiteElo "2540"]
[BlackElo "1599"]
[Result "1-0"]
[Round "1"]
1.d4 d5
2.Ng1f3 Nb8c6
3.c3 e6
4.Bc1g5 Bf8e7
5.Bg5xe7 Qd8xe7
6.Nb1d2 e5
7.Nf3xe5 Nc6xe5
8.dxe5 Qe7xe5
9.Nd2f3 Qe5h5
10.e3 Ng8e7
11.Bf1e2 c6
12.O-O g5
13.Qd1d4 O-O
14.Qd4f6 Ne7g6
15.Qf6xg5 Qh5xg5
16.Nf3xg5 h6
17.Ng5f3 f6
18.c4 dxc4
19.Be2xc4 { resign }
1-0

[Event "Match"]
[Site "www.echecsemail.com"]
[Date "2017.06.08"]
[Round "1"]
[White "Motorhead99"]
[Black "Luke1302"]
[WhiteElo "1599"]
[BlackElo "1470"]
[Result "1-0"]
[Round "1"]
1.e4 e5
2.Ng1f3 d6
3.d4 Nb8c6
4.Bf1b5 Bc8d7
5.c3 Nc6a5
6.Bb5xd7 Qd8xd7
7.b3 Bf8e7
8.Bc1e3 Ng8f6
9.Nb1d2 b5
10.d5 Rh8g8
11.h4 Nf6h5
12.Nf3xe5 dxe5
13.Qd1xh5 b4
14.c4 h6
15.Rh1h3 Rg8h8
16.O-O-O Na5b7
17.Qh5xe5 f6
18.Qe5h5 g6
19.Qh5xg6 Kd8
20.Be3xh6 Nb7c5
{ time. }
1-0

[Event "Match"]
[Site "www.echecsemail.com"]
[Date "2017.06.08"]
[Round "1"]
[White "Pellix84"]
[Black "Said1991"]
[WhiteElo "2080"]
[BlackElo "1809"]
[Result "0-1"]
[Round "1"]
1.d4 d5
2.Ng1f3 Ng8f6
3.Bc1f4 e6
4.e3 Bf8d6
5.Bf4g3 Nb8d7
6.Bf1d3 h5
7.Nb1d2 Nf6g4
8.Qd1e2 Bd6xg3
9.hxg3 c5
10.c3 c4
11.Bd3c2 b5
12.b3 Ra8b8
13.e4 Bc8b7
14.b4 a5
15.Ra1b1 axb4
16.Rb1xb4 Bb7c6
17.O-O O-O
18.Rf1b1 Qd8a5
19.Nf3e5 Nd7xe5
20.dxe5 Qa5xa2
21.Nd2f3 dxe4
22.Nf3d4 Qa2a6
23.Bc2xe4 Bc6xe4
24.Qe2xe4 Rf8d8
25.f3 Ng4h6
26.Nd4xb5 Rd8d5
27.Qe4xc4 Nh6f5
28.Kh2 Nf5e3
29.Qc4b3 Rd5xe5
30.c4 Ne3f5
31.Nb5c7 Rb8xb4
32.Qb3xb4 Qa6d6
33.Nc7b5 Qd6xb4
34.Rb1xb4 Re5c5
35.Kh3 g6
36.g4 hxg4
37.Kxg4 Nf5e3
38.Kg3 Rc5xc4
39.Rb4xc4 Ne3xc4
40.Kf4 Kg7
41.g4 f6
42.g5 f5
43.Kg3 e5
44.f4 e4
45.Nb5c3 Kf7
46.Kf2 Ke6
47.Ke2 Kd6
48.Kf2 Kc5
49.Ke2 Nc4b2
50.Ke3 Kc4
51.Nc3xe4 Nb2d1
52.Kf3 fxe4
53.Kxe4 Nd1f2
54.Ke5 Nf2d3
55.Ke4 Nd3xf4
56.Kxf4 Kd4
57.Kg4 Ke4
58.Kg3 Kf5
59.Kh4 Kf4
60.Kh3 Kxg5
61.Kg3 Kf5
62.Kh4 Kf4
63.Kh3 g5
64.Kg2 Kg4
65.Kf2 Kh3
66.Kg1 Kg3
67.Kh1 Kh3
{ resign }
0-1

[Event "Match"]
[Site "www.echecsemail.com"]
[Date "2017.06.08"]
[Round "1"]
[White "Calponas"]
[Black "Stevep84"]
[WhiteElo "2000"]
[BlackElo "2150"]
[Result "0-1"]
[Round "1"]
1.e4 c6
2.d4 d5
3.Nb1d2 dxe4
4.Nd2xe4 Bc8f5
5.Ne4g3 Bf5g6
6.h4 h6
7.h5 Bg6h7
8.Ng1f3 Ng8f6
9.Bf1d3 Bh7xd3
10.Qd1xd3 e6
11.Bc1d2 Bf8d6
12.Ng3e4 Nf6xe4
13.Qd3xe4 Nb8d7
14.O-O-O Nd7f6
15.Qe4e2 O-O
16.Rd1g1 Nf6d5
17.Nf3e5 Nd5b4
18.g4 Bd6xe5
19.dxe5 a5
20.g5 Qd8d5
21.gxh6 Qd5xa2
22.Bd2c3 Ra8d8
23.Rg1xg7 Kh8
24.b3 Nb4d3
25.cxd3 Qa2xe2
26.Rh1g1 Rf8g8
{ resign }
0-1

[Event "Match"]
[Site "www.echecsemail.com"]
[Date "2017.06.08"]
[Round "1"]
[White "Cjood"]
[Black "Bojan"]
[WhiteElo "1880"]
[BlackElo "1920"]
[Result "1-0"]
[Round "1"]
1.Nb1c3 g6
2.d4 Bf8g7
3.Bc1f4 c6
4.e4 d6
5.Ng1f3 f6
6.Bf1e2 Qd8b6
7.Ra1b1 e5
8.dxe5 fxe5
9.Bf4g5 Ng8f6
10.Qd1xd6 Kf7
11.Nf3xe5 Ke8
12.Bg5xf6 Bg7xf6
13.Qd6xf6 Rh8f8
14.Qf6h4 Qb6c5
15.f4 Qc5d6
16.Rb1d1 Qd6c7
17.O-O Bc8e6
18.Rd1d2 Rf8g8
19.Rf1d1 Nb8a6
20.Qh4f6 Na6c5
21.b4 Rg8f8
22.Qf6g5 Nc5xe4
23.Nc3xe4 Be6f5
24.Ne4f6 Rf8xf6
25.Qg5xf6 { resign }
1-0

[Event "Match"]
[Site "www.echecsemail.com"]
[Date "2017.06.08"]
[Round "1"]
[White "Mdesouza"]
[Black "Luzhin"]
[WhiteElo "2220"]
[BlackElo "2300"]
[Result "0-1"]
[Round "1"]
1.e4 e5
2.Ng1f3 Nb8c6
3.d4 exd4
4.Nf3xd4 Bf8c5
5.Nd4b3 Bc5b6
6.Nb1c3 Ng8f6
7.Bc1g5 h6
8.Bg5h4 O-O
9.Nc3d5 g5
10.Bh4g3 d6
11.Qd1d3 Nf6xd5
12.Qd3xd5 Bc8e6
13.Qd5d2 Rf8e8
14.O-O-O a5
15.Kb1 a4
16.Nb3c1 a3
17.b3 f5
18.exf5 Qd8f6
19.c3 Be6xf5
20.Bf1d3 Nc6e5
21.h4 Ne5xd3
22.Nc1xd3 Ra8a5
23.hxg5 hxg5
24.f4 Re8e3
25.fxg5 Qf6g7
26.Rh1e1 Re3xd3
27.Qd2xd3 Qg7xc3
{ resign }
0-1

[Event "Match"]
[Site "www.echecsemail.com"]
[Date "2017.06.08"]
[Round "1"]
[White "Ztornad"]
[Black "Castletyme"]
[WhiteElo "1650"]
[BlackElo "1760"]
[Result "0-1"]
[Round "1"]
1.Ng1f3 Nb8c6
2.d4 e6
3.e4 d6
4.d5 exd5
5.exd5 Nc6e7
6.Bf1b5 Bc8d7
7.Bb5d3 Ng8f6
8.h3 Nf6xd5
9.Nb1d2 Ne7g6
10.O-O Bf8e7
11.Rf1e1 O-O
12.Nd2e4 Nd5f6
13.Bc1g5 Nf6xe4
14.Bg5xe7 Ng6xe7
15.Bd3xe4 Bd7c6
16.Be4xc6 Ne7xc6
17.c3 Rf8e8
18.Qd1d5 Qd8f6
19.Ra1d1 Ra8b8
20.Qd5d3 Nc6e5
21.Nf3xe5 Re8xe5
22.Re1e3 Re5xe3
23.Qd3xe3 b6
24.Rd1d4 g6
25.Rd4f4 Qf6e5
 { time }
0-1

[Event "Match"]
[Site "www.echecsemail.com"]
[Date "2017.06.08"]
[Round "1"]
[White "Mitja"]
[Black "Cjood"]
[WhiteElo "2040"]
[BlackElo "1920"]
[Result "1-0"]
[Round "1"]
1.d4 e6
2.c3 d5
3.e3 Ng8f6
4.Ng1f3 Nb8c6
5.Nb1d2 Bc8d7
6.Nd2b3 b6
7.Bf1e2 Bf8d6
8.h3 Qd8e7
9.Qd1c2 a5
10.Nb3d2 Nc6d8
11.e4 c6
12.e5 c5
13.exd6 Qe7xd6
14.Nf3e5 Bd7c8
15.Be2b5 Kf8
16.O-O cxd4
17.cxd4 Bc8b7
18.a4 Qd6b4
19.Nd2f3 Ra8c8
20.Qc2d1 Kg8
21.Ra1a3 Qb4e7
22.Ra3c3 Rc8xc3
23.bxc3 Nf6e4
24.Qd1c2 Ne4d6
25.Bc1a3 g6
26.Ne5d7 f6
27.Nd7xb6 Nd8f7
28.Rf1e1 Kg7
29.Qc2d2 h6
30.Nb6d7 Rh8d8
31.Ba3xd6 Qe7xd6
32.Nd7c5 Bb7c8
33.Qd2d3 g5
34.Bb5a6 Bc8xa6
35.Nc5xa6 Qd6a3
36.Na6c5 Rd8c8
37.Nc5xe6 Kh8
38.Ne6c5 Rc8g8
39.Qd3f5 { resign }
1-0

[Event "Match"]
[Site "www.echecsemail.com"]
[Date "2017.06.08"]
[Round "1"]
[White "Billyg"]
[Black "Cjood"]
[WhiteElo "1670"]
[BlackElo "1930"]
[Result "0-1"]
[Round "1"]
1.e4 c5
2.Ng1f3 e6
3.Nb1c3 a6
4.a3 Nb8c6
5.d4 cxd4
6.Nf3xd4 Nc6xd4
7.Qd1xd4 d6
8.Bc1e3 e5
9.Qd4d3 Ng8f6
10.Ra1d1 b5
11.Be3c5 Nf6d7
12.Bc5xd6 Bf8xd6
13.Qd3xd6 Bc8b7
14.f3 Ra8c8
15.a4 b4
16.Qd6xb4 Rc8b8
17.Qb4d4 exd4
18.Rd1xd4 O-O
19.Bf1c4 Qd8c7
20.b3 Qc7a5
21.O-O Qa5xc3
22.Rf1d1 Nd7c5
23.b4 Nc5xa4
24.Bc4b3 Na4b2
25.Rd1d2 Rb8a8
26.Rd4d7 Qc3xb4
27.Rd7d4 Qb4c5
28.c3 Qc5xc3
29.Bb3c2 Qc3c5
30.h3 Rf8d8
{ resign }
0-1

[Event "Match"]
[Site "www.echecsemail.com"]
[Date "2017.06.08"]
[Round "1"]
[White "Chapi"]
[Black "Cjood"]
[WhiteElo "2130"]
[BlackElo "1830"]
[Result "0-1"]
[Round "1"]
1.d4 c5
2.Ng1f3 cxd4
3.Nf3xd4 e5
4.Nd4b5 Bf8b4
5.c3 Qd8b6
6.e4 Bb4c5
7.Qd1d2 a6
8.Nb5a3 Nb8c6
9.Na3c4 Qb6c7
10.b4 Bc5e7
11.Nc4e3 b5
12.a4 Bc8b7
13.axb5 axb5
14.Ra1xa8 Bb7xa8
15.Bf1xb5 Ng8f6
16.Qd2d3 Nc6a7
17.Nb1a3 Nf6xe4
18.O-O Ne4xc3
19.Bc1b2 Be7xb4
20.Rf1c1 Na7xb5
21.Na3xb5 Qc7b6
22.Bb2xc3 Bb4c5
23.Bc3xe5 O-O
24.Be5xg7 Bc5xe3
25.Bg7xf8 Qb6b7
26.Kf1 Qb7xg2
27.Ke2 Qg2f3
28.Ke1 Qf3xf2
29.Kd1 Ba8f3
{ resign }
0-1

[Event "Tourn. n9356"]
[Site "www.chess-mail.com"]
[Date "2017.06.09"]
[Round "1"]
[White "Hansen"]
[Black "Azulmarino"]
[WhiteElo "1590"]
[BlackElo "1560"]
[Result "0-1"]
[Round "1"]
1.e4 e5
2.Qd1h5 Qd8f6
3.d4 exd4
4.Bf1c4 g6
5.Qh5a5 Nb8a6
6.e5 Bf8b4
7.Qa5xb4 Qf6xe5
8.Ng1e2 Na6xb4
9.Nb1a3 d5
10.Bc1f4 Qe5f5
11.Ra1d1 dxc4
12.Bf4xc7 Ng8f6
13.Ne2xd4 Qf5e4
14.Nd4e2 Nb4xc2
15.Na3xc2 Qe4xc2
16.Rd1d8 Ke7
17.Rd8xh8 Bc8g4
18.f3 Ra8xh8
19.fxg4 Rh8e8
20.Ne2d4 Qc2xg2
21.Rh1f1 Kd7
22.Kd1 Qg2xg4
23.Nd4f3 Kxc7
24.Kc2 Qg4g2
25.Nf3d2 Re8e2
26.Rf1d1 Nf6e4
27.Kc1 Ne4xd2
28.Kc2 Nd2b3
29.Kc3 Re2c2
30.Kb4 Qg2xh2
31.axb3 Kb6
32.bxc4 Rc2xb2
33.Ka4 Qh2h5
{ resign }
0-1

[Event "Tourn. n9419"]
[Site "www.chess-mail.com"]
[Date "2017.06.09"]
[Round "1"]
[White "Astroboy"]
[Black "Bojan"]
[WhiteElo "2000"]
[BlackElo "1950"]
[Result "1/2-1/2"]
[Round "1"]
1.e4 e5
2.f4 exf4
3.Ng1f3 f6
4.d4 g5
5.Nf3xg5 fxg5
6.Qd1h5 Ke7
7.Qh5xg5 Ke8
8.Qg5h5 Ke7
9.Qh5e5 Kf7
10.Bf1c4 { draw }
1/2-1/2

[Event "Tourn. n9408"]
[Site "www.chess-mail.com"]
[Date "2017.06.09"]
[Round "1"]
[White "Cjood"]
[Black "Astroboy"]
[WhiteElo "1840"]
[BlackElo "2129"]
[Result "0-1"]
[Round "1"]
1.e4 c6
2.b3 d5
3.exd5 cxd5
4.Bc1b2 Nb8c6
5.Ng1f3 Bc8g4
6.Bf1e2 e6
7.Nf3e5 Bg4f5
8.g4 Bf5e4
9.f3 Qd8h4
10.Kf1 Be4g6
11.Ne5xg6 hxg6
12.d3 Ng8f6
13.Nb1d2 Bf8c5
14.Qd1e1 Qh4g5
15.h4 Qg5e3
16.g5 Nf6h5
17.Ra1d1 Nc6b4
18.Kg2 Nb4xc2
19.Qe1f1 Nh5f4
20.Kg3 Nf4xe2
{ resign }
0-1

[Event "Tourn. n9294"]
[Site "www.chess-mail.com"]
[Date "2017.06.09"]
[Round "1"]
[White "Madz123456"]
[Black "Rookie"]
[WhiteElo "1470"]
[BlackElo "1380"]
[Result "1-0"]
[Round "1"]
1.e4 e5
2.Ng1f3 Nb8c6
3.Bf1b5 a6
4.Bb5a4 Ng8f6
5.d3 Bf8b4
6.c3 b5
7.cxb4 bxa4
8.Qd1xa4 Bc8b7
9.O-O O-O
10.Bc1g5 Qd8e7
11.Nb1c3 Nc6xb4
12.Bg5xf6 Qe7xf6
13.Qa4xb4 Rf8b8
14.Qb4a5  { time }
1-0

[Event "Tourn. n9284"]
[Site "www.chess-mail.com"]
[Date "2017.06.09"]
[Round "1"]
[White "Falcoale"]
[Black "Picifarkinca"]
[WhiteElo "1980"]
[BlackElo "1920"]
[Result "1-0"]
[Round "1"]
1.e4 e6
2.d4 d5
3.e5 c5
4.c3 Qd8b6
5.Ng1f3 Bc8d7
6.b3 Bd7b5
7.Nb1d2 Bb5xf1
8.Nd2xf1 Nb8c6
9.Bc1e3 f6
10.Nf1d2 Ng8h6
11.O-O Nh6f5
12.exf6 gxf6
13.Ra1b1 O-O-O
14.dxc5 Qb6c7
15.Qd1c2 Nf5xe3
16.fxe3 Bf8xc5
17.Rf1e1 Qc7b6
18.Nd2f1 Kb8
19.b4 Bc5d6
20.a4 Rd8g8
21.Nf3d4 e5
22.Nd4xc6 Qb6xc6
23.Nf1g3 d4
24.exd4 exd4
25.c4 Bd6xg3
26.hxg3 Rg8xg3
27.Rb1b2 Rg3c3
28.Qc2f5 Rc3xc4
29.Rb2e2 Rc4c1
30.Qf5f4 Qc6c7
31.Qf4xd4 Rc1xe1
32.Re2xe1 Qc7g3
33.Re1e3 Qg3g5
34.Qd4d6 Ka8
35.Qd6e6 Rh8d8
36.Re3e1 f5
37.b5 f4
38.Qe6h3 Qg5c5
39.Kh1 Qc5d4
40.Qh3h4 Kb8
41.Re1f1 { resign }
1-0

[Event "Tourn. n9411"]
[Site "www.chess-mail.com"]
[Date "2017.06.09"]
[Round "1"]
[White "Cjood"]
[Black "Bojan"]
[WhiteElo "1880"]
[BlackElo "1920"]
[Result "0-1"]
[Round "1"]
1.e4 e5
2.Ng1f3 d6
3.Bf1c4 h6
4.d4 Qd8f6
5.dxe5 dxe5
6.O-O a6
7.b3 Bc8g4
8.Qd1d5 Nb8c6
9.Qd5d2 Bg4xf3
10.gxf3 Nc6d4
11.Bc4e2 Nd4xf3
12.Be2xf3 Qf6xf3
13.Qd2e3 Qf3g4
14.Kh1 b6
15.Bc1b2 Qg4e6
16.Nb1c3 Ng8f6
17.Ra1d1 Bf8c5
18.Qe3g3 g6
19.Rd1d2 Bc5b4
20.Rf1d1 O-O
21.Rd2e2 Nf6h5
22.Qg3g1 Nh5f4
23.Re2e3 Bb4c5
24.Re3g3 c6
25.a3 Bc5d4
26.Rd1d2 a5
27.Nc3a4 b5
28.Bb2xd4 exd4
29.Na4b2 Qe6xe4
30.f3 Qe4e5
31.Rd2xd4 Qe5f6
32.Qg1e3 Nf4e2
33.Rg3xg6 fxg6
{ resign }
0-1

[Event "Tourn. n9350"]
[Site "www.chess-mail.com"]
[Date "2017.06.09"]
[Round "1"]
[White "Sorento"]
[Black "Jazzy"]
[WhiteElo "2260"]
[BlackElo "2200"]
[Result "1-0"]
[Round "1"]
1.d4 Ng8f6
2.Ng1f3 e6
3.Bc1g5 Bf8e7
4.Nb1c3 O-O
5.e4 d6
6.Bf1d3 Nb8d7
7.Qd1e2 e5
8.d5 Nf6xd5
9.Nc3xd5 Be7xg5
10.Nf3xg5 Qd8xg5
11.Nd5xc7 Ra8b8
12.O-O Nd7f6
13.Kh1 a6
14.Ra1d1 h5
15.c3 h4
16.Bd3c2 Rf8d8
17.Bc2b3 Nf6h5
18.Qe2f3 Nh5f4
19.h3 Qg5e7
20.Nc7d5 Nf4xd5
21.Bb3xd5 Bc8e6
22.Qf3h5 Be6xd5
23.Rd1xd5 Rd8d7
24.Rf1d1 Rb8d8
25.Qh5e2 Qe7f6
26.c4 Rd7c7
27.b4 b6
28.Kg1 Qf6e7
29.a4 g6
30.Qe2d3 Kg7
31.c5 bxc5
32.bxc5 { resign }
1-0

[Event "Tourn. n9381"]
[Site "www.chess-mail.com"]
[Date "2017.06.09"]
[Round "1"]
[White "Azulmarino"]
[Black "Madz123456"]
[WhiteElo "1600"]
[BlackElo "1500"]
[Result "0-1"]
[Round "1"]
1.e4 c5
2.c4 Nb8c6
3.Ng1f3 e5
4.Bf1e2 d6
5.d3 f5
6.Bc1g5 Bf8e7
7.Qd1d2 Be7xg5
8.Nf3xg5 f4
9.Ng5f3 Bc8g4
10.Nf3g1 Bg4e6
11.h3 Ng8e7
12.Ng1f3 Ne7g6
13.a3 Ng6h4
14.Nf3xh4 Qd8xh4
15.Be2f3 Nc6d4
16.g3 Nd4xf3
17.Kd1 fxg3
18.Qd2e3 g2
19.Rh1e1 O-O
20.Nb1d2 Nf3xe1
21.Qe3xe1 Rf8xf2
22.Nd2f3 Qh4g3
23.Nf3d2 g1Q
24.Nd2f1 Qg3xd3
{ resign }
0-1

[Event "Match"]
[Site "www.echecsemail.com"]
[Date "2017.06.09"]
[Round "1"]
[White "Winston"]
[Black "Calponas"]
[WhiteElo "1860"]
[BlackElo "1990"]
[Result "0-1"]
[Round "1"]
1.e4 c5
2.Ng1f3 d6
3.d4 cxd4
4.Nf3xd4 Ng8f6
5.Nb1c3 a6
6.Bc1g5 e6
7.f4 Qd8b6
8.Nd4b3 Bf8e7
9.Qd1d3 Nb8d7
10.O-O-O Qb6c7
11.Bf1e2 b5
12.Be2f3 Bc8b7
13.e5 dxe5
14.fxe5 Nf6g8
15.Bg5xe7 Ng8xe7
16.Bf3xb7 Qc7xb7
17.Rd1d2 Ra8d8
18.Nb3c5 Qb7c6
19.Nc5e4 O-O
20.Rh1d1 Qc6c7
21.Nc3xb5 axb5
22.Qd3xb5 Ne7d5
23.Ne4c3 Nd5xc3
24.bxc3 Qc7xc3
25.Rd2xd7 Qc3a3
26.Qb5b2 Qa3e3
27.Rd7d2 Rd8xd2
28.Rd1xd2 Rf8d8
29.Qb2b4 Qe3e1
{ resign }
0-1

[Event "Match"]
[Site "www.echecsemail.com"]
[Date "2017.06.09"]
[Round "1"]
[White "Azocarwagner"]
[Black "Midknightblu"]
[WhiteElo "1299"]
[BlackElo "1690"]
[Result "1-0"]
[Round "1"]
1.c4 b6
2.Nb1c3 Bc8a6
3.b3 e6
4.e3 Nb8c6
5.Qd1f3 Ng8f6
6.Bc1b2 Bf8b4
7.Ng1e2 Nc6e5
8.Qf3g3 Ne5d3
9.Kd1 Nd3xb2
10.Kc2 Nb2xc4
11.bxc4 Ba6xc4
12.Qg3xg7 Ke7
13.Qg7g5 Rh8g8
14.Qg5f4 Rg8g4
15.Qf4f3 Bb4xc3
16.Ne2xc3 Bc4xf1
17.Rh1xf1 Qd8g8
18.g3 Qg8g6
19.d3 c6
20.h3 Rg4g5
21.h4 Rg5f5
22.Qf3g2 d5
23.Ra1e1 Nf6g4
24.f3 e5
25.fxg4 Rf5xf1
26.Qg2xf1 Qg6f6
27.Qf1g2 d4
28.Nc3e4 Qf6e6
29.Re1a1 Ra8d8
30.Ne4g5 Qe6h6
31.Ra1f1 Rd8f8
32.exd4 f6
33.Ng5e4 Qh6g6
34.g5 f5
35.Ne4f6 Rf8c8
36.dxe5 Qg6f7
37.Kc1 Kd8
38.Rf1xf5 Qf7e7
39.Nf6g8 Qe7g7
40.Ng8h6 Rc8c7
41.d4 Rc7d7
42.Qg2h3 b5
43.Rf5f6 Rd7xd4
44.Nh6f5 Rd4c4
45.Kb2 Qg7d7
46.Rf6d6 Qd7xd6
47.Nf5xd6 Rc4b4
48.Kc3 { resign }
1-0

[Event "Match"]
[Site "www.echecsemail.com"]
[Date "2017.06.09"]
[Round "1"]
[White "Cjood"]
[Black "Llord"]
[WhiteElo "1860"]
[BlackElo "1920"]
[Result "0-1"]
[Round "1"]
1.e4 e5
2.Ng1f3 Nb8c6
3.Bf1c4 Bf8c5
4.c3 Ng8f6
5.Qd1e2 d5
6.exd5 Nc6a5
7.Nf3xe5 O-O
8.Bc4b5 Bc8d7
9.b4 Bc5d6
10.f4 Nf6xd5
11.bxa5 Nd5xf4
12.Qe2f3 Bd6xe5
13.Bb5xd7 Qd8xd7
14.Qf3xb7 Rf8e8
15.Kf2 Nf4d3
16.Kg1 Be5xc3
17.h3 Re8e1
18.Kh2 Bc3e5
19.g3 Re1e2
20.Kg1 Qd7d4
{ resign }
0-1

[Event "Match"]
[Site "www.echecsemail.com"]
[Date "2017.06.09"]
[Round "1"]
[White "Fangshuo"]
[Black "Juodivarnai"]
[WhiteElo "2090"]
[BlackElo "2130"]
[Result "1-0"]
[Round "1"]
1.e4 c5
2.Ng1f3 d6
3.d4 cxd4
4.Nf3xd4 Ng8f6
5.Nb1c3 a6
6.Bc1g5 Nb8d7
7.Bf1e2 Qd8a5
8.Bg5d2 Qa5d8
9.O-O g6
10.f4 Bf8g7
11.Nd4f3 O-O
12.e5 dxe5
13.fxe5 Nf6h5
14.e6 fxe6
15.Nf3g5 Nd7f6
16.Be2f3 Ra8b8
17.g4 Nf6xg4
18.Bf3xg4 Nh5f6
19.Bg4xe6 Bc8xe6
20.Ng5xe6 { resign }
1-0

[Event "Match"]
[Site "www.echecsemail.com"]
[Date "2017.06.09"]
[Round "1"]
[White "Gimmyg"]
[Black "Motorhead99"]
[WhiteElo "2430"]
[BlackElo "1850"]
[Result "1-0"]
[Round "1"]
1.Ng1f3 d6
2.d4 Nb8d7
3.Nb1c3 Ng8f6
4.e4 e5
5.Bf1e2 Bf8e7
6.a4 a5
7.Qd1d3 h6
8.h3 c6
9.Bc1e3 Qd8c7
10.O-O g5
11.Ra1d1 Nd7f8
12.Nf3d2 Nf8g6
13.Nd2c4 Ng6f4
14.Qd3d2 Rh8g8
15.dxe5 dxe5
16.Be3b6 Nf4xe2
17.Nc3xe2 { resign }
1-0

[Event "Match"]
[Site "www.echecsemail.com"]
[Date "2017.06.09"]
[Round "1"]
[White "Cjood"]
[Black "Pellix84"]
[WhiteElo "1970"]
[BlackElo "2060"]
[Result "0-1"]
[Round "1"]
1.d4 Ng8f6
2.Bc1f4 e6
3.Nb1c3 d5
4.Nc3b5 Nb8a6
5.e3 c6
6.Nb5c3 Bf8b4
7.Ng1e2 O-O
8.a3 Bb4xc3
9.Ne2xc3 Qd8b6
10.b4 Rf8e8
11.Nc3a4 Qb6d8
12.Bf1xa6 bxa6
13.Na4c5 a5
14.O-O axb4
15.axb4 Nf6d7
16.Qd1g4 e5
17.Bf4h6 g6
18.Nc5xd7 Bc8xd7
19.Qg4d1 Qd8h4
20.dxe5 Qh4xh6
21.Qd1d4 Qh6g5
22.f4 Qg5e7
23.Ra1xa7 Ra8xa7
24.Qd4xa7 Bd7f5
25.Qa7xe7 Re8xe7
26.c3 f6
27.h3 fxe5
28.fxe5 Re7xe5
29.Rf1f3 Re5e4
30.g4 Bf5d7
31.Kg2 Re4c4
32.Rf3f4 Rc4xc3
33.Kf3 c5
34.bxc5 Rc3xc5
35.Kg3 Bd7c6
36.Kf2 Rc5c2
37.Kg3 Kg7
38.h4 h6
39.Rf4a4 Bc6xa4
40.Kf4 Rc2c4
41.Kf3 Ba4d1
{ resign }
0-1

[Event "Match"]
[Site "www.echecsemail.com"]
[Date "2017.06.09"]
[Round "1"]
[White "Rindrandria"]
[Black "Ranjachess"]
[WhiteElo "1670"]
[BlackElo "1880"]
[Result "0-1"]
[Round "1"]
1.e4 e5
2.Ng1e2 Bf8c5
3.c3 Ng8f6
4.b4 Bc5xf2
5.Kxf2 Nf6xe4
6.Ke3 d5
7.Ne2g3 Qd8g5
8.Ke2 Bc8g4
9.Ke1 Bg4xd1
10.Kxd1 Ne4f2
11.Ke1 Nf2xh1
12.Ng3xh1 Nb8c6
13.Kd1 O-O-O
14.a4 d4
15.d3 Qg5g6
16.b5 dxc3
17.bxc6 Rd8xd3
18.Bf1xd3 Qg6xd3
19.Ke1 c2
20.cxb7 Kxb7
21.Nb1d2 e4
22.Ra1a3 Qd3d4
23.Ke2 Rh8e8
24.Ra3b3 Ka6
25.Nh1g3 e3
26.Nd2e4 Qd4d1
27.Kxe3 Qd1xc1
28.Kf2 Qc1f4
29.Rb3f3 c1Q
30.Ng3e2 Qf4h4
31.g3 Qh4xh2

0-1

[Event "1/128 Finale"]
[Site "www.chess-mail.com"]
[Date "2017.06.09"]
[Round "1"]
[White "Sbb"]
[Black "Corr"]
[WhiteElo "2510"]
[BlackElo "1809"]
[Result "1/2-1/2"]
[Round "1"]
1.d4 g6
2.c4 c5
3.d5 Bf8g7
4.e4 d6
5.Bf1e2 Nb8d7
6.Nb1c3 Bg7xc3
7.bxc3 Ng8f6
8.f3 Qd8a5
9.Ng1h3 Nd7e5
10.Nh3f2 Rh8g8
11.Qd1b3 g5
12.Nf2d3 Ne5xd3
13.Be2xd3 h5
14.Bc1d2 h4
15.g3 Qa5c7
16.Bd2e3 Bc8d7
17.g4 Nf6h7
18.Ra1b1 O-O-O
19.O-O Nh7f8
20.e5 Kb8
21.Qb3c2 h3
22.Kh1 Bd7e8
23.exd6 exd6
24.Rb1e1 f6
25.f4 Be8d7
26.fxg5 fxg5
27.Bd3f5 Bd7c8
28.Be3f2 Nf8d7
29.Bf5e6 Rg8f8
30.Bf2g3 Nd7b6
31.Rf1f5 Nb6xc4
32.Qc2d3 Bc8xe6
33.dxe6 Nc4e5
34.Qd3d5 { draw }
1/2-1/2

[Event "1/128 Finale"]
[Site "www.chess-mail.com"]
[Date "2017.06.09"]
[Round "1"]
[White "Amaya"]
[Black "Ssharp"]
[WhiteElo "2050"]
[BlackElo "2310"]
[Result "0-1"]
[Round "1"]
1.d4 d5
2.e3 Bc8f5
3.Nb1d2 e6
4.f4 Ng8f6
5.Ng1f3 c5
6.c3 Nb8c6
7.Nf3e5 Ra8c8
8.Bf1e2 cxd4
9.exd4 Nf6e4
10.O-O Ne4xd2
11.Bc1xd2 f6
12.Be2h5 g6
13.Ne5xc6 Rc8xc6
14.Bh5g4 Bf5xg4
15.Qd1xg4 f5
16.Qg4e2 Qd8b6
17.Qe2e5 Rh8g8
18.Bd2e1 Bf8g7
19.Qe5e2 Kf7
20.Be1h4 Rg8c8
21.Qe2f2 a5
22.a4 Qb6b3
23.Ra1a3 Qb3c4
24.Qf2g3 h6
25.Qg3f3 b6
26.g4 Bg7f8
27.gxf5 exf5
28.Ra3a1 Rc8e8
29.Ra1e1 Rc6e6
30.Re1xe6 Re8xe6
31.Rf1e1 Re6e4
32.Re1xe4 dxe4
33.Qf3e3 Qc4xa4
34.d5 Bf8c5
{ resign }
0-1

[Event "1/128 Finale"]
[Site "www.chess-mail.com"]
[Date "2017.06.09"]
[Round "1"]
[White "Bojan"]
[Black "Hennie4820"]
[WhiteElo "1940"]
[BlackElo "2100"]
[Result "1-0"]
[Round "1"]
1.e4 c5
2.Bf1c4 Nb8c6
3.Ng1f3 e6
4.a3 Qd8c7
5.c3 Ng8f6
6.d3 d6
7.Qd1e2 Bf8e7
8.b4 cxb4
9.axb4 a6
10.Bc4b3 Nc6xb4
11.Bc1d2 Nb4c6
12.Bd2e3 b5
13.Nb1a3 Bc8b7
14.Na3c2 Nc6a5
15.Bb3a2 Qc7xc3
16.Qe2d2 Qc3xd2
17.Be3xd2 Na5c6
18.O-O O-O
19.Bd2c3 Ra8c8
20.Nc2d4 Nc6xd4
21.Bc3xd4 d5
22.h3 dxe4
23.dxe4 Nf6xe4
24.Bd4b6 Rc8c6
25.Bb6a5 Rf8c8
26.Ba2b3 Be7c5
27.Nf3e5 Rc6d6
28.Ra1d1 Rd6xd1
29.Bb3xd1 Bc5a7
30.Bd1f3 Rc8c2
31.Ne5d3 Rc2xf2
32.Nd3xf2 Bb7d5
33.Bf3xe4 Bd5xe4
34.Kh2 Ba7b8
35.g3 Be4d5
36.Rf1d1 Bb8a7
37.Nf2d3 f6
38.Nd3b4 Ba7c5
39.Nb4xd5 exd5
40.Rd1xd5 Bc5e3
41.Rd5d6 { resign }
1-0

[Event "Tourn. n9384"]
[Site "www.chess-mail.com"]
[Date "2017.06.10"]
[Round "1"]
[White "Luban"]
[Black "Guidom"]
[WhiteElo "2100"]
[BlackElo "2090"]
[Result "1-0"]
[Round "1"]
1.d4 d5
2.Ng1f3 c6
3.h3 Ng8f6
4.e3 Bc8f5
5.c4 e6
6.a3 Bf8d6
7.Nb1c3 O-O
8.Bf1d3 Bf5g6
9.O-O dxc4
10.Bd3xc4 Nb8d7
11.Qd1b3 Nd7b6
12.Rf1e1 Qd8c7
13.e4 e5
14.Bc1g5 Nf6d7
15.Ra1d1 Nb6xc4
16.Qb3xc4 Nd7b6
17.Qc4a2 Rf8e8
18.Bg5h4 exd4
19.Nf3xd4 Bd6e5
20.f3 a6
21.Bh4f2 c5
22.Nd4e2 Be5xc3
23.Ne2xc3 Ra8d8
24.Nc3d5 Nb6xd5
25.Rd1xd5 b6
26.Re1d1 h6
27.e5 Rd8xd5
28.Rd1xd5 Re8xe5
29.Bf2g3 Qc7e7
30.Rd5xe5 Qe7d7
31.Qa2a1 Qd7d4
32.Kh1 Kh7
33.Re5e7 f6
34.Bg3e1 Qd4d6
35.Re7a7 b5
36.b4 c4
37.Be1c3 Kg8
38.Bc3d4 Bg6f5
39.Qa1c3 Qd6g3
40.Bd4xf6 gxf6
41.Qc3xf6 Qg3g5
42.Qf6f7 { resign }
1-0

[Event "Tourn. n9289"]
[Site "www.chess-mail.com"]
[Date "2017.06.10"]
[Round "1"]
[White "Danquigley"]
[Black "Pdebonis"]
[WhiteElo "2559"]
[BlackElo "2550"]
[Result "1/2-1/2"]
[Round "1"]
1.e4 e5
2.Ng1f3 Nb8c6
3.Bf1b5 a6
4.Bb5a4 Ng8f6
5.d3 d6
6.c3 g6
7.O-O Bf8g7
8.Rf1e1 O-O
9.Nb1d2 Rf8e8
10.Nd2f1 b5
11.Ba4c2 a5
12.a4 b4
13.Nf1e3 Bc8a6
14.Bc2b3 Ra8b8
15.Qd1c2 Qd8d7
16.Bb3a2 Rb8b7
17.h3 Re8b8
18.Ba2c4 Ba6xc4
19.Ne3xc4 Qd7e6
20.Qc2e2 Qe6e8
21.Bc1g5 Nf6d7
22.Bg5e3 bxc3
23.bxc3 f5
24.Nf3g5 Kh8
25.exf5 d5
26.Nc4a3 gxf5
27.Na3b5 h6
28.Ng5f3 Qe8f7
29.Ra1d1 f4
30.Be3c1 Nd7b6
31.Qe2c2 Qf7g6
32.Nf3h4 Qg6h5
33.Nh4f3 Bg7f6
34.Kh1 Rb8g8
35.Re1g1 Nc6d8
36.c4 c6
37.Nb5d6 Rb7g7
38.Kh2 Bf6e7
39.Bc1a3 Nb6d7
40.cxd5 cxd5
41.Rd1e1 Be7xd6
42.Ba3xd6 Nd8f7
43.Bd6c7 Nd7f6
44.Qc2b2 Kh7
45.Bc7xe5 Nf6g4
46.Kh1 Ng4xe5
47.Nf3xe5 f3
48.Ne5xf7 fxg2
49.Kh2 Qh5xf7
50.Qb2d4 { draw }
1/2-1/2

[Event "Tourn. n9300"]
[Site "www.chess-mail.com"]
[Date "2017.06.10"]
[Round "1"]
[White "Sozaro"]
[Black "Pdebonis"]
[WhiteElo "2210"]
[BlackElo "2560"]
[Result "0-1"]
[Round "1"]
1.d4 Ng8f6
2.Ng1f3 e6
3.Bc1f4 b6
4.e3 Bc8b7
5.Bf1d3 Bf8e7
6.h3 c5
7.Nb1c3 O-O
8.dxc5 bxc5
9.O-O d5
10.Rf1e1 c4
11.Bd3e2 Be7b4
12.Ra1b1 Qd8e7
13.Nf3d4 Nb8d7
14.Be2f3 e5
15.Nd4f5 Qe7e6
16.Bf3g4 Kh8
17.Bf4g5 Nf6xg4
18.Qd1xg4 g6
19.Nf5h6 f5
20.Qg4h4 Bb7c6
21.Re1d1 a5
22.f3 Bb4c5
23.Kh1 a4
24.a3 Nd7f6
25.Qh4e1 Nf6h5
26.Nc3a2 Ra8e8
27.Kh2 f4
28.exf4 Nh5xf4
29.Na2b4 Bc6b7
30.Bg5xf4 Rf8xf4
31.b3 Bc5d6
32.bxc4 Rf4xc4
33.Kg1 e4
34.fxe4 Bd6c5
35.Kh1 dxe4
36.Qe1g3 Bc5f8
37.Qg3e3 Bf8xh6
38.Qe3xh6 e3
39.Kg1 e2
40.Rd1e1 Qe6b6
41.Kh1 Qb6f6
42.Nb4d3 Rc4h4
{ resign }
0-1